| 000 -LEADER |
| fixed length control field |
00764nam a2200217Ia 4500 |
| 001 - CONTROL NUMBER |
| control field |
3192 |
| 003 - CONTROL NUMBER IDENTIFIER |
| control field |
GE_BSU |
| 008 - FIXED-LENGTH DATA ELEMENTS--GENERAL INFORMATION |
| fixed length control field |
181216s||||||||xx |||||||||||||| ||und|| |
| 040 ## - CATALOGING SOURCE |
| Transcribing agency |
GE_BSU |
| 080 ## - UNIVERSAL DECIMAL CLASSIFICATION NUMBER |
| Universal Decimal Classification number |
502+504.054 |
| 100 ## - MAIN ENTRY--PERSONAL NAME |
| Personal name |
Бертокс,П. Радд,Д. |
| 245 ## - TITLE STATEMENT |
| Title |
Стратегия защиты окружающей среды от загрязнений=Strategy of pollution control. |
| 245 ## - TITLE STATEMENT |
| Statement of responsibility, etc. |
Под ред. Я.Б.Черткова. |
| 250 ## - EDITION STATEMENT |
| Edition statement |
Перевод с английского под ред. Я.Б.Черткова. |
| 260 ## - PUBLICATION, DISTRIBUTION, ETC. |
| Place of publication, distribution, etc. |
М. |
| 260 ## - PUBLICATION, DISTRIBUTION, ETC. |
| Name of publisher, distributor, etc. |
Мир. |
| 260 ## - PUBLICATION, DISTRIBUTION, ETC. |
| Date of publication, distribution, etc. |
1980. |
| 300 ## - PHYSICAL DESCRIPTION |
| Extent |
606 стр. 22 см. |
| 653 ## - INDEX TERM--UNCONTROLLED |
| Uncontrolled term |
Стратегия защиты окружающей среды от загрязнений. |
| 942 ## - ADDED ENTRY ELEMENTS (KOHA) |
| Koha item type |
წიგნი |